| 000 | 00555nam a22002057a 4500 | ||
|---|---|---|---|
| 003 | OSt | ||
| 005 | 20140310181807.0 | ||
| 008 | 130704t xxu||||| |||| 00| 0 eng d | ||
| 020 | _a9780545082136 | ||
| 050 |
_aGV 1507 _b.R813 2008 |
||
| 082 |
_aREF 793.73 _bR72 2008 |
||
| 245 |
_aSpot the differences / _cSteven Rosen. |
||
| 260 |
_aNew York : _bScholastic, _cc2008. |
||
| 300 |
_a48 p. ; _bill. col. ; _c21 cm. |
||
| 520 | _a1. Picture Puzzles. | ||
| 521 | _aBasic ed. students | ||
| 541 | _j1 | ||
| 562 | _e1 | ||
| 942 |
_2lcc _cBK-GR _kREF |
||
| 999 |
_c3829 _d3829 |
||